000 00682nam a22002057a 4500
003 OSt
005 20250826033624.0
008 250826b |||||||| |||| 00| 0 eng d
020 _a13: 978-0-495-50618-8.
040 _aDWC-Main Lib.
_cOC
082 _26th ed.
100 _aSIGELMAN, CAROL K.
245 _aLife-span human development/
_cSIGELMAN, CAROL K.
260 _aUSA :
_bWadsworth Cengage Learning,
_cc2009.
300 _axxvii, (various paging) :
_bcol. ill. ;
_c28 cm.
504 _aIncludes bibliographical references and index.
650 _aDevelopmental psychology-Textbooks.
700 _aRIDER, ELIZABETH A.
942 _2ddc
_cBK-CIRC
_e6th ed.
_hCirc.
_n0
999 _c4259
_d4259